|
|
|
|
| LEADER |
00693naa a2200193 i 4500 |
| 001 |
publ21597 |
| 005 |
20210803155207.0 |
| 008 |
210607s2019 hu o 0|| zxx d |
| 020 |
|
|
|a 9781527534728
|
| 024 |
7 |
|
|a 30768132
|2 mtmt
|
| 040 |
|
|
|a SZTE Publicatio Repozitórium
|b hun
|
| 041 |
|
|
|a zxx
|
| 100 |
1 |
|
|a Kérchy Anna
|
| 245 |
1 |
0 |
|a Meta-imagination in Lewis Carroll’s Literary Fairy Tales about Alice’s Adventures
|h [elektronikus dokumentum] /
|c Kérchy Anna
|
| 260 |
|
|
|a Cambridge Scholars Publishing
|b Newcastle upon Tyne
|c 2019
|
| 300 |
|
|
|a 23
|
| 300 |
|
|
|a 55-76
|
| 490 |
0 |
|
|a The Fairy-Tale Vanguard
|
| 856 |
4 |
0 |
|u http://publicatio.bibl.u-szeged.hu/21597/1/meta-imagination.pdf
|z Dokumentum-elérés
|